Die 60 größten Komponisten aller Zeiten - Statistiken

Allgemein
  • Dieses Quiz wurde 382 mal gespielt
  • Das Durchschnittsergebnis liegt bei 21 aus 60
Antwortstatistiken
Lebzeiten 🚩 Komponist /-in % Korrekt
1770 - 1827 🇩🇪 🇦🇹 Ludwig van Beethoven
97%
1756 - 1791 🇦🇹 Wolfgang Amadeus Mozart
97%
1685 - 1750 🇩🇪 Johann Sebastian Bach
93%
1813 - 1883 🇩🇪 🇮🇹 Richard Wagner
73%
1685 - 1759 🇩🇪 🏴󠁧󠁢󠁥󠁮󠁧󠁿 Georg Friedrich Händel
70%
1732 - 1809 🇦🇹 Joseph Haydn
70%
1797 - 1828 🇦🇹 Franz Schubert
67%
1678 - 1741 🇮🇹 🇦🇹 Antonio Vivaldi
66%
1925 - 1899 🇦🇹 Johann Strauss Jr.
66%
1804 - 1849 🇦🇹 Johann Strauss Sr.
66%
1864 - 1949 🇩🇪 Richard Strauss
66%
1813 - 1901 🇮🇹 Giuseppe Verdi
63%
1810 - 1856 🇩🇪 Robert Schumann
62%
1833 - 1897 🇩🇪 🇦🇹 Johannes Brahms
61%
1810 - 1849 🇵🇱 🇫🇷 Frédéric Chopin
60%
1841 - 1904 🇨🇿 Antonin Dvorak
55%
1858 - 1924 🇮🇹 🇧🇪 Giacomo Puccini
53%
1811 - 1886 🇦🇹 🇭🇺 Franz Liszt
51%
1840 - 1893 🇷🇺 Petr Iljitsch Tschaikowsky
51%
1809 - 1847 🇩🇪 Felix Mendelssohn - Bartholdy
49%
1824 - 1884 🇨🇿 Bedrich Smetana
43%
1860 - 1911 🇨🇿 🇦🇹 Gustav Mahler
43%
1843 - 1907 🇳🇴 Edvard Grieg
42%
1862 - 1918 🇫🇷 Claude Debussy
41%
1792 - 1868 🇮🇹 Gioachino Rossini
39%
1875 - 1937 🇫🇷 Maurice Ravel
39%
1873 - 1943 🇷🇺 🇺🇸 Sergei Rachmaninow
38%
1824 - 1896 🇦🇹 Anton Bruckner
36%
1838 - 1875 🇫🇷 Georges Bizet
35%
1882 - 1971 🇷🇺 🇺🇸 Igor Strawinsky
30%
1881 - 1945 🇭🇺 🇺🇸 Bela Bartok
29%
1786 - 1826 🇩🇪 🏴󠁧󠁢󠁥󠁮󠁧󠁿 Carl Maria von Weber
29%
1891 - 1953 🇺🇦 🇷🇺 Sergei Prokofjew
29%
1874 - 1951 🇦🇹 🇺🇸 Arnold Schönberg
28%
1567 - 1643 🇮🇹 Claudio Monteverdi
27%
1681 - 1767 🇩🇪 Georg Philipp Telemann
25%
1895 - 1982 🇩🇪 Carl Orff
23%
1819 - 1880 🇩🇪 🇫🇷 Jacques Offenbach
23%
*1935 🇪🇪 Arvo Pärt
17%
1797 - 1848 🇮🇹 Gaetano Donizetti
17%
1873 - 1916 🇩🇪 Max Reger
14%
1714 - 1787 🇩🇪 🇦🇹 Christoph Willibald Gluck
13%
1870 - 1948 🇭🇺 🇩🇪 Franz Lehar
13%
1912 - 1992 🇺🇸 John Cage
12%
1812 - 1883 🇩🇪 Emilie Mayer
11%
1854 - 1921 🇩🇪 Engelbert Humperdinck
10%
1838 - 1920 🇩🇪 Max Bruch
10%
1897 - 1957 🇨🇿 🇦🇹 🇺🇸 Erich Wolfgang Korngold
9%
1860 - 1903 🇦🇹 Hugo Wolf
9%
1895 - 1963 🇩🇪 Paul Hindemith
9%
1801 - 1851 🇩🇪 Albert Lortzing
8%
1858 - 1919 🇮🇹 Ruggero Leoncavallo
8%
1901 - 1983 🇩🇪 Werner Egk
8%
1869 - 1949 🇷🇺 🇩🇪 🇦🇹 Hans Pfitzner
7%
1829 - 1894 🇷🇺 Anton Rubinstein
6%
1819 - 1895 🇭🇷 🇦🇹 Franz von Suppé
6%
1866 - 1946 🇩🇪 Paul Lincke
6%
1842 - 1899 🇦🇹 Carl Millöcker
3%
1671 - 1751 🇮🇹 Tomaso Albinoni
3%
1789 - 1860 🇩🇪 Friedrich Silcher
2%
Keine übereinstimmenden Quizze gefunden
Verteilung der Resultate
Anzahl Personen mit jedem Resultat
Perzentil nach korrekt beantworteten Fragen
Ihre Resultats-Entwicklung
Sie haben dieses Quiz noch nicht gespielt